书目信息 |
| 题名: |
低音提琴演奏中基础训练重要性分析
|
|
| 作者: | 兰绍彤 著 | |
| 分册: | ||
| 出版信息: | 北京 新华出版社 2020.10 |
|
| 页数: | 186页 | |
| 开本: | 24cm | |
| 丛书名: | ||
| 单 册: | ||
| 中图分类: | J622.46 | |
| 科图分类: | ||
| 主题词: | 低音提琴--奏法 | |
| 电子资源: | ||
| ISBN: | 978-7-5166-5419-4 | |
| 000 | 00911nam0 2200229 45 | |
| 001 | 012001001137 | |
| 005 | 20130910153447.0 | |
| 010 | @a978-7-5166-5419-4@dCNY35.00 | |
| 100 | @a20210331d2020 em y0chiy0110 ea | |
| 101 | 0 | @achi |
| 102 | @aCN@b110000 | |
| 105 | @aag z 000yy | |
| 106 | @ar | |
| 200 | 1 | @a低音提琴演奏中基础训练重要性分析@Adi yin ti qin yan zou zhong ji chu xun lian zhong yao xing fen xi@f兰绍彤著 |
| 210 | @a北京@c新华出版社@d2020.10 | |
| 215 | @a186页@c图@d24cm | |
| 330 | @a本书共五章内容,第一章介绍了低音提琴的基础知识;第二章对低音提琴弓法训练的重要性进行了阐述;第三章对低音提琴演奏中指法训练的重要性进行了阐述;第四章对低音提琴演奏中弦法训练的重要性进行了阐述;第五章列举了若干低音提琴作品进行了演奏实例分析。 | |
| 606 | 0 | @a低音提琴@x奏法 |
| 690 | @aJ622.46@v5 | |
| 701 | 0 | @a兰绍彤@Alan shao tong@4著 |
| 801 | @aCN@b江苏凤凰@c20211018 | |
| 905 | @b1342342-5@dJ622.46@e527@f4 | |
| 低音提琴演奏中基础训练重要性分析/兰绍彤著.-北京:新华出版社,2020.10 |
| 186页:图;24cm |
| ISBN 978-7-5166-5419-4:CNY35.00 |
| 本书共五章内容,第一章介绍了低音提琴的基础知识;第二章对低音提琴弓法训练的重要性进行了阐述;第三章对低音提琴演奏中指法训练的重要性进行了阐述;第四章对低音提琴演奏中弦法训练的重要性进行了阐述;第五章列举了若干低音提琴作品进行了演奏实例分析。 |
| ● |
| 相关链接 |
|
|
|
|
正题名:低音提琴演奏中基础训练重要性分析
索取号:J622.46/527
 
预约/预借
| 序号 | 登录号 | 条形码 | 馆藏地/架位号 | 状态 | 备注 |
| 1 | 1342342 | 213423428 | 第一样本阅览室/ [索取号:J622.46/527] | 在馆 | |
| 2 | 1342343 | 213423437 | 第一借阅区/ [索取号:J622.46/527] | 在馆 | |
| 3 | 1342344 | 213423446 | 第一借阅区/ [索取号:J622.46/527] | 在馆 | |
| 4 | 1342345 | 213423455 | 第一借阅区/ [索取号:J622.46/527] | 在馆 |